logo

Bir Sreshtho Munshi Abdur Rouf Library
Jhenaidah Cadet College

Readings for college English / (Record no. 8669)

MARC details
000 -LEADER
fixed length control field 00749cam a22002651 4500
001 - CONTROL NUMBER
JCCL Control Number 8669
003 - CONTROL NUMBER IDENTIFIER
JCCL marc code BD-JhCC
005 - DATE AND TIME OF LATEST TRANSACTION
control field 20180307091200.0
008 - FIXED-LENGTH DATA ELEMENTS--GENERAL INFORMATION
fixed length control field 761222s1957 nyu 001 0 eng
035 ## - SYSTEM CONTROL NUMBER
system control number (BD-JhCC)8669
035 ## - SYSTEM CONTROL NUMBER
system control number (OCoLC)2641551
040 ## - CATALOGING SOURCE
Original cataloging agency DLC
Transcribing agency NmPE
Modifying agency DLC
041 ## - LANGUAGE CODE
Language code of Book eng
050 00 - LIBRARY OF CONGRESS CALL NUMBER
Classification number PS645
Item number .B78 1957
082 ## - DEWEY DECIMAL CLASSIFICATION NUMBER
Classification number 808
Author mark and Year BUS 1957
100 1# - MAIN ENTRY--PERSONAL NAME
Personal name Bushman, John C.
Fuller form of name (John Conrad),
Dates associated with a name 1914-
245 10 - TITLE STATEMENT
Title Readings for college English /
Statement of responsibility, etc edited by John C. Bushman and Ernst G. Mathews.
250 ## - EDITION STATEMENT
Edition statement 2d. ed.
260 ## - PUBLICATION, DISTRIBUTION, ETC. (IMPRINT)
Place of publication, distribution, etc New York,
Name of publisher, distributor, etc American Book Co.
Date of publication, distribution, etc 1957.
300 ## - PHYSICAL DESCRIPTION
Pagination 531 p.
Dimensions 24 cm.
650 #0 - SUBJECT ADDED ENTRY--TOPICAL TERM
Topical term or geographic name as entry element American prose literature.
700 1# - ADDED ENTRY--PERSONAL NAME
Personal name Mathews, Ernst Garland,
942 ## - ADDED ENTRY ELEMENTS (KOHA)
Source of classification or shelving scheme Dewey Decimal Classification
Koha item type Books
Holdings
Source of classification or shelving scheme Damaged status Not for loan Home library Current library Shelving location Date of accession Total Checkouts Full call number Barcode Date last seen Koha item type
Dewey Decimal Classification     JCC Rouf Library JCC Rouf Library General Stacks 03/01/2018   808 BUS 1957 11412 03/01/2018 Books

JCC Library | Contacts | JCC Home

Last Update on 23 September 2017
Copyright @ 2017-2020 JCC Rouf Library
Rouf Library, Jhenidah Cadet College (JCC), Bangladesh